000 00352nam a22001697a 4500
003 UA-OsUOA
001 5182
007 ta
008 20050721b un ||||| |||| 00| 0 ukr d
100 _aFulwiler
700 _aToby
942 _cBK
040 _aUA-OsUOA
_cUA-OsUOA
_dUA-OsUOA
245 _aThe Working Writer
_bWriting
955 _a2
650 7 _2UDC
999 _c291344
_d291344